[Event "Muensterland Verbandsklasse 2122"]
[Site "Germany"]
[Date "2021.11.06"]
[Round "2.1"]
[White "Kloenne, Tim"]
[Black "Jacob, Helmut"]
[Result "1/2-1/2"]
[WhiteElo "1817"]
[BlackElo "2001"]
[PlyCount "173"]
[EventDate "2021.09.25"]
[EventType "team-tourn"]
[EventRounds "2"]
[EventCountry "GER"]
[SourceTitle "EXT 2023"]
[Source "ChessBase"]
[SourceDate "2022.10.05"]
[SourceVersion "1"]
[SourceVersionDate "2022.10.05"]
[SourceQuality "1"]
[WhiteTeam "Gronau II"]
[BlackTeam "Ochtrup"]
[WhiteTeamCountry "GER"]
[BlackTeamCountry "GER"]

1. c4 c5 2. g3 g6 3. Bg2 Bg7 4. Nf3 Nc6 5. Nc3 e5 6. d3 Nge7 7. 0-0 0-0 8. Bd2 d6 9. Qc1 Rb8 10. Bh6 Be6 11. Bxg7 Kxg7 12. Ng5 Bc8 13. a3 a5 14. e3 b6 15. Nge4 f5 16. Ng5 h6 17. Nh3 Be6 18. Nd5 Qd7 19. f4 b5 20. b3 bxc4 21. bxc4 Rb3 22. Nxe7 Nxe7 23. Nf2 Rfb8 24. Ra2 Qc7 25. e4 Qb6 26. Qe3 Bxc4 27. Rd2 exf4 28. Qxf4 g5 29. Qf3 Rf8 30. Qe2 Bg8 31. exf5 Nxf5 32. Be4 Nd4 33. Qg4 Qd8 34. h4 Be6 35. Qh5 Qf6 36. Qd1 Nf3+ 37. Bxf3 Qxf3 38. Qxf3 Rxf3 39. Kg2 Bd5 40. Kh2 Rb7 41. Rfd1 gxh4 42. gxh4 Re7 43. a4 Rf4 44. Ne4 Kh7 45. Kg3 Ref7 46. Nxd6 Rf3+ 47. Kh2 R7f4 48. Ne4 Rxh4+ 49. Kg2 Rff4 50. Re1 Rhg4+ 51. Kh3 Rh4+ 52. Kg3 Rhg4+ 53. Kh3 Rg7 54. Ng3 Rf3 55. Rg1 Be6+ 56. Kh2 h5 57. Re2 Bd7 58. Re5 Bg4 59. Rg2 h4 60. Ne4 Kh6 61. Rxc5 Bf5 62. Rxg7 Kxg7 63. Rxa5 Kg6 64. Rd5 Re3 65. Rd4 Re2+ 66. Kg1 h3 67. a5 h2+ 68. Kh1 Bg4 69. Nf2 Bc8 70. Rf4 Ra2 71. Kxh2 Rxa5 72. Kg3 Ra3 73. Kf3 Ra7 74. Ne4 Bb7 75. Ke3 Kg7 76. Nd6 Bd5 77. Kd4 Bg8 78. Kc5 Rc7+ 79. Kb6 Rc3 80. d4 Bd5 81. Ne4 Rc6+ 82. Kb5 Rc1 83. Nc5 Rb1+ 84. Ka5 Rd1 85. Kb6 Kg6 86. Kc7 Kg5 87. Rf8 1/2-1/2

[Event "Muensterland Regionalliga 1516"]
[Site "Germany"]
[Date "2016.01.30"]
[Round "6.8"]
[White "Wolffgang, Georg"]
[Black "Kloenne, Tim"]
[Result "1-0"]
[WhiteElo "1879"]
[BlackElo "1762"]
[PlyCount "87"]
[EventDate "2015.09.05"]
[EventType "team"]
[EventRounds "9"]
[EventCountry "GER"]
[SourceTitle "EXT 2017"]
[Source "ChessBase"]
[SourceDate "2016.10.25"]
[SourceVersion "1"]
[SourceVersionDate "2016.10.25"]
[SourceQuality "1"]
[WhiteTeam "Muenster SK III"]
[BlackTeam "Gronau"]
[WhiteTeamCountry "GER"]
[BlackTeamCountry "GER"]

1. d4 d5 2. Bg5 Nf6 3. Bxf6 exf6 4. e3 Be7 5. c4 c6 6. Nc3 0-0 7. cxd5 cxd5 8. Qb3 Nc6 9. Qxd5 Qb6 10. Qb5 Nb4 11. Qxb6 axb6 12. Kd2 Be6 13. a3 Nd5 14. Nge2 Rfc8 15. Nxd5 Bxd5 16. Nc3 Bb3 17. Bd3 g6 18. Rac1 f5 19. Ne2 Bd5 20. Nf4 Bc6 21. d5 Bd7 22. Rxc8+ Rxc8 23. Rc1 Rxc1 24. Kxc1 Bd6 25. Ne2 Be5 26. g3 Kf8 27. Kc2 Ke7 28. f3 Kd6 29. e4 fxe4 30. fxe4 Bg4 31. Nc3 Bd7 32. Be2 f5 33. Bf3 fxe4 34. Bxe4 Bd4 35. Kd3 Bg1 36. h4 Bf2 37. Bxg6 hxg6 38. Ne4+ Kxd5 39. Nxf2 Bf5+ 40. Kc3 Kc5 41. g4 Bd7 42. h5 gxh5 43. gxh5 Bf5 44. h6 1-0

[Event "Muensterland Verbandsliga 1415"]
[Site "Germany"]
[Date "2014.11.29"]
[Round "4.6"]
[White "Kloenne, Tim"]
[Black "Beckmann, Christian"]
[Result "0-1"]
[WhiteElo "1812"]
[BlackElo "1711"]
[PlyCount "150"]
[EventDate "2014.09.06"]
[EventType "team-tourn"]
[EventRounds "9"]
[EventCountry "GER"]
[SourceTitle "EXT 2016"]
[Source "ChessBase"]
[SourceDate "2015.10.08"]
[SourceVersion "1"]
[SourceVersionDate "2015.10.08"]
[SourceQuality "1"]
[WhiteTeam "Gronau"]
[BlackTeam "Ahaus Wessum"]
[WhiteTeamCountry "GER"]
[BlackTeamCountry "GER"]

1. c4 g6 2. g3 Nf6 3. Bg2 Bg7 4. Nc3 0-0 5. Nf3 d5 6. cxd5 Nxd5 7. 0-0 Nc6 8. Qb3 Nb6 9. d3 Be6 10. Qd1 a5 11. Ng5 Bg4 12. h3 Bd7 13. a3 Qc8 14. Kh2 h6 15. Nge4 Nd4 16. Be3 e5 17. Rc1 f5 18. Nc5 Bc6 19. Bxc6 bxc6 20. Bxd4 exd4 21. N3a4 Nd5 22. Nb3 f4 23. Qd2 fxg3+ 24. fxg3 Ne3 25. Rxf8+ Qxf8 26. Qe1 Qd6 27. Nd2 Rf8 28. Nf3 Be5 29. Nc5 Rf5 30. Ne4 Qe6 31. b4 Rh5 32. Ng1 axb4 33. Qxb4 Qf5 34. Qe1 g5 35. Rb1 g4 36. Qf2 gxh3 37. Qxf5 Rxf5 38. Nf3 Rh5 39. Nxe5 Rxe5 40. Rc1 Ng4+ 41. Kxh3 Ne3 42. g4 h5 43. Nf6+ Kf7 44. Nxh5 Rg5 45. Rxc6 Rxg4 46. Rxc7+ Kg6 47. Ng3 Kf6 48. a4 Rg8 49. a5 Rh8+ 50. Nh5+ Rxh5+ 51. Kg3 Rxa5 52. Kf3 Nf5 53. Kf4 Ng7 54. Rc2 Ne6+ 55. Ke4 Re5+ 56. Kf3 Re3+ 57. Kf2 Nf4 58. Rc4 Ke5 59. Rc5+ Kd6 60. Rc2 Kd5 61. Kf1 Ne6 62. Kf2 Ke5 63. Rc6 Kf4 64. Rd6 Ke5 65. Rc6 Kd5 66. Rc2 Nf4 67. Rb2 Rxd3 68. Rb8 Rd2 69. Rd8+ Ke5 70. Re8+ Ne6 71. Ke1 Ra2 72. Rh8 Kd5 73. Rh5+ Kc4 74. Re5 Nc5 75. Rf5 Ne4 0-1

[Event "Muensterland Verbandsklasse-A 0910"]
[Site "Germany"]
[Date "2009.09.19"]
[Round "1.8"]
[White "Kloenne, Tim"]
[Black "Althoff, Ralph"]
[Result "0-1"]
[WhiteElo "1760"]
[BlackElo "1791"]
[PlyCount "82"]
[EventDate "2009.09.19"]
[EventType "team-tourn"]
[EventRounds "9"]
[EventCountry "GER"]
[SourceTitle "EXT 2011"]
[Source "ChessBase"]
[SourceDate "2010.11.26"]
[SourceVersion "1"]
[SourceVersionDate "2010.11.26"]
[SourceQuality "1"]
[WhiteTeam "Gronau"]
[BlackTeam "Olfen"]
[WhiteTeamCountry "GER"]
[BlackTeamCountry "GER"]

1. c4 f5 2. Nc3 Nf6 3. e3 Nc6 4. g3 e5 5. Bg2 e4 6. f3 Ne5 7. fxe4 Nd3+ 8. Ke2 fxe4 9. Nxe4 Nxc1+ 10. Rxc1 d6 11. Ke1 Be7 12. Ne2 0-0 13. N2c3 c6 14. Nxf6+ Bxf6 15. Rf1 Qe7 16. Rf2 Be6 17. Qe2 Rad8 18. d4 Kh8 19. Kd2 d5 20. cxd5 cxd5 21. Rcf1 a6 22. a3 Qd6 23. Rc1 Rfe8 24. Nd1 Bd7 25. Qh5 Bc6 26. Bh3 g6 27. Qf3 Kg7 28. Qf4 Qe7 29. Bf1 Bg5 30. Qf3 Ba4 31. Re2 Rf8 32. Qg2 Qf6 33. Rf2 Qxd4+ 34. Ke1 Bxe3 35. Rc7+ Kg8 36. Rxf8+ Rxf8 37. Nxe3 Qxe3+ 38. Be2 Bc6 39. Qh3 Qc1+ 40. Bd1 Re8+ 41. Kf2 Qd2+ 0-1

[Event "Muensterland Verbandsklasse-A 0809"]
[Site "Germany"]
[Date "2008.09.13"]
[Round "1.2"]
[White "Luecke, Thomas"]
[Black "Kloenne, Tim"]
[Result "1/2-1/2"]
[WhiteElo "1805"]
[BlackElo "1764"]
[PlyCount "43"]
[EventDate "2008.09.13"]
[EventType "tourn"]
[EventRounds "9"]
[EventCountry "GER"]
[SourceTitle "EXT 2010"]
[Source "ChessBase"]
[SourceDate "2010.11.25"]
[SourceVersion "1"]
[SourceVersionDate "2010.11.25"]
[SourceQuality "1"]
[WhiteTeam "Emsdetten Rochade"]
[BlackTeam "Gronau II"]
[WhiteTeamCountry "GER"]
[BlackTeamCountry "GER"]

1. c4 Nf6 2. Nc3 g6 3. g3 Bg7 4. Bg2 0-0 5. d4 c6 6. e4 d6 7. f4 Nbd7 8. Nf3 Qc7 9. Qe2 e5 10. fxe5 dxe5 11. d5 a6 12. 0-0 c5 13. Nh4 Ne8 14. Be3 Nd6 15. b3 b6 16. Bh3 Nf6 17. Bxc8 Raxc8 18. Bg5 Nfe8 19. g4 h6 20. Bd2 Qe7 21. Ng2 f5 22. gxf5 1/2-1/2

[Event "Muensterland Verbandsklasse-A 0708"]
[Site "Germany"]
[Date "2008.01.26"]
[Round "5.7"]
[White "Kloenne, Tim"]
[Black "Jonas, Robert"]
[Result "1-0"]
[WhiteElo "1668"]
[BlackElo "1699"]
[PlyCount "95"]
[EventDate "2007.09.22"]
[EventType "team-tourn"]
[EventRounds "9"]
[EventCountry "GER"]
[SourceTitle "EXT 2009"]
[Source "ChessBase"]
[SourceDate "2008.11.26"]
[SourceVersion "1"]
[SourceVersionDate "2008.11.26"]
[SourceQuality "1"]
[WhiteTeam "Gronau"]
[BlackTeam "Ibbenbueren"]
[WhiteTeamCountry "GER"]
[BlackTeamCountry "GER"]

1. d4 Nf6 2. Nf3 e6 3. c4 Bb4+ 4. Bd2 Be7 5. Nc3 d5 6. e3 c5 7. Be2 Nc6 8. cxd5 cxd4 9. dxc6 dxc3 10. Bxc3 Qxd1+ 11. Rxd1 bxc6 12. 0-0 0-0 13. Ne5 Bb7 14. Nd7 Rfd8 15. Nxf6+ gxf6 16. Ba5 Rd5 17. Rxd5 cxd5 18. Rc1 Rc8 19. Rc7 Rxc7 20. Bxc7 Kf8 21. Kf1 Bc5 22. a3 Ke7 23. b4 Bd6 24. Bxd6+ Kxd6 25. Ke1 e5 26. Kd2 f5 27. Kc3 f6 28. g3 Bc8 29. Bd3 h6 30. Kb3 Bd7 31. f4 Kc6 32. a4 Kd6 33. a5 Bc8 34. Ka4 a6 35. b5 e4 36. Be2 Bd7 37. Kb4 axb5 38. a6 Kc7 39. Kc5 Bc6 40. a7 b4 41. Bd1 Ba8 42. Bb3 d4 43. Kxd4 Kb6 44. Kc4 Bb7 45. Kxb4 Kxa7 46. Kc5 Bc8 47. Kd6 Kb6 48. Be6 1-0